[Event "C.to Provinciale SV"]
[Site "Savona ITA"]
[Date "2011.01.29"]
[Round "3"]
[White "Castellano, Adriano"]
[Black "Christen, Peter Walter"]
[Result "0-1"]
[WhiteElo "1676"]
[BlackElo "1581"]
[PlyCount "84"]
[EventDate "2011.01.28"]

1. e4 e6 2. d4 d5 3. Nc3 Bb4 4. Bd3 Nc6 5. Nf3 Nf6 6. e5 Ne4 7. Bxe4 dxe4 8.
Nd2 Qxd4 9. Ne2 Qxe5 10. c3 Bd6 11. Nc4 Qd5 12. Nxd6+ cxd6 13. Qc2 f5 14. O-O
Qa5 15. Be3 O-O 16. b4 Qc7 17. Rad1 Nxb4 18. Qb3 Nd3 19. Nf4 d5 20. Nxd3 exd3
21. Rxd3 b6 22. Re1 Bb7 23. Bd4 Rfe8 24. Rg3 g6 25. Be5 Qc6 26. Qb4 Rad8 27.
Qh4 Rf8 28. Rxg6+ hxg6 29. Qh8+ Kf7 30. Qh7+ Ke8 31. Qxg6+ Ke7 32. Qg7+ Ke8 33.
Bf6 Rd7 34. Qh6 d4 35. Kf1 Qxg2+ 36. Ke2 Qf3+ 37. Kd2 dxc3+ 38. Kc2 Qd3+ 39.
Kb3 Bd5+ 40. Kb4 a5+ 41. Ka3 c2+ 42. Ka4 Bc6# 0-1

[Event "C.to Provinciale SV"]
[Site "Savona ITA"]
[Date "2011.01.30"]
[Round "4"]
[White "Coqueraut, Jean Dominique"]
[Black "Pesce, Gabriele"]
[Result "1/2-1/2"]
[WhiteElo "1815"]
[BlackElo "2181"]
[PlyCount "108"]
[EventDate "2011.01.28"]

1. d4 Nf6 2. e3 g6 3. c4 Bg7 4. Nc3 d6 5. Nf3 O-O 6. Be2 Nbd7 7. O-O e5 8. Qc2
c6 9. Rd1 Re8 10. dxe5 dxe5 11. b4 Qe7 12. Rb1 Nf8 13. a4 Bf5 14. e4 Bg4 15.
Be3 N6d7 16. c5 a5 17. bxa5 Nxc5 18. Bxc5 Qxc5 19. Rxb7 Bc8 20. Rb2 Rxa5 21.
Nd2 Be6 22. Nb3 Bxb3 23. Qxb3 Ra7 24. Bc4 Bf6 25. Qb4 Be7 26. Qxc5 Bxc5 27. Rd3
Bd4 28. Ra2 Rb8 29. Nd1 Rb4 30. Bb3 Nd7 31. Bc2 Nc5 32. Rda3 Ra5 33. g3 Ne6 34.
Kg2 c5 35. Rb3 Kg7 36. Rxb4 cxb4 37. Nb2 Nc5 38. Nc4 Ra6 39. Nd2 Bc3 40. Nb1
Bd4 41. Nd2 Bc3 42. Nb1 Bd4 43. Nd2 Ra5 44. Nb3 Nxb3 45. Bxb3 Kf8 46. Rc2 Bc3
47. Rc1 Ke7 48. Rd1 Bd4 49. Rc1 Rc5 50. Rxc5 Bxc5 51. f3 f5 52. h4 fxe4 53.
fxe4 Bd4 54. Kf3 Bb6 1/2-1/2

[Event "C.to Provinciale SV"]
[Site "Savona ITA"]
[Date "2011.01.30"]
[Round "4"]
[White "Damele, Stefano"]
[Black "Ivaldo, Fabrizio"]
[Result "1-0"]
[WhiteElo "1888"]
[BlackElo "1920"]
[PlyCount "114"]
[EventDate "2011.01.28"]

1. e4 e5 2. Nf3 Nc6 3. Bc4 Nf6 4. d4 Nxe4 5. O-O d5 6. Bb5 exd4 7. Qxd4 Nf6 8.
Bg5 Be7 9. Nc3 O-O 10. Bxc6 bxc6 11. Ne5 Qd6 12. Rfe1 Be6 13. Qa4 Bd7 14. Nxd7
Qxd7 15. Rad1 Rfe8 16. h3 h6 17. Bc1 Qd6 18. Ne4 Nxe4 19. Rxe4 Qc5 20. Rg4 Kf8
21. c3 a6 22. Qc2 Bf6 23. Qf5 Re5 24. Qh7 Rae8 25. Be3 Qd6 26. b4 Rxe3 27. fxe3
Rxe3 28. c4 Qe5 29. Qb1 d4 30. Rgxd4 Re1+ 31. Rxe1 Qxd4+ 32. Kh1 Qxc4 33. Qe4
Qxe4 34. Rxe4 Bc3 35. Rc4 Be1 36. Rxc6 Bxb4 37. Rxc7 a5 38. Kg1 g6 39. Kf2 Kg7
40. Ke2 Kf6 41. Kd3 Ke6 42. Kc4 Bd6 43. Ra7 Bb4 44. Kb5 Be1 45. a4 Bb4 46. Ra6+
Kd7 47. Kc4 Ke7 48. Kb5 Kd7 49. Rxa5 Bxa5 50. Kxa5 Kc7 51. Kb5 g5 52. Kc4 f5
53. Kd4 f4 54. Ke4 h5 55. Kf5 g4 56. hxg4 f3 57. gxf3 h4 1-0

[Event "C.to Provinciale SV"]
[Site "Savona ITA"]
[Date "2011.01.30"]
[Round "4"]
[White "Carzolio, Luigi"]
[Black "Agazzi, Fulvio"]
[Result "1-0"]
[WhiteElo "1910"]
[BlackElo "1900"]
[PlyCount "109"]
[EventDate "2011.01.28"]

1. f4 d5 2. Nf3 Nf6 3. e3 Nbd7 4. Be2 g6 5. O-O Bg7 6. d3 O-O 7. Nc3 Re8 8. e4
dxe4 9. dxe4 c6 10. e5 Ng4 11. h3 Qb6+ 12. Qd4 Nh6 13. g4 Qxd4+ 14. Nxd4 Nb6
15. Be3 f5 16. g5 Nf7 17. a4 e6 18. a5 Nd5 19. Nxd5 exd5 20. Kf2 Bd7 21. Nb3
Bf8 22. Rfd1 Be6 23. Nd4 Bd7 24. c4 c5 25. Nb5 Bxb5 26. cxb5 d4 27. Bd2 Kg7 28.
Bf3 Rab8 29. Rdc1 Nd8 30. b4 cxb4 31. Bd5 Ne6 32. Bxe6 Rxe6 33. Rab1 Rd8 34.
Bxb4 Bxb4 35. Rxb4 Re7 36. Ke2 d3+ 37. Kd2 Rd5 38. Rc3 Red7 39. Rbb3 Kf7 40.
Rxd3 Ke6 41. Ke3 Rc5 42. Rxd7 Kxd7 43. Kd4 Rc1 44. b6 a6 45. Rc3 Rd1+ 46. Ke3
Ke6 47. Rc7 Rd5 48. Rxb7 Rxa5 49. Rxh7 Rb5 50. Rg7 Kd5 51. Rd7+ Ke6 52. Rd6+
Kf7 53. Rf6+ Ke7 54. Rxg6 a5 55. b7 1-0

[Event "C.to Provinciale SV"]
[Site "Savona ITA"]
[Date "2011.01.30"]
[Round "4"]
[White "Nikolajevic, Tihomir"]
[Black "Tagliano, Maurizio"]
[Result "1-0"]
[WhiteElo "1865"]
[BlackElo "1852"]
[PlyCount "89"]
[EventDate "2011.01.28"]

1. Nf3 Nf6 2. b3 d5 3. Bb2 c5 4. e3 Bg4 5. Be2 Nc6 6. d4 e6 7. Nbd2 cxd4 8.
Nxd4 Bxe2 9. Qxe2 Be7 10. O-O O-O 11. Rfc1 Nxd4 12. exd4 Qc7 13. c4 Qf4 14. g3
Qh6 15. c5 Rac8 16. Rc2 Qh3 17. f3 Nd7 18. b4 h5 19. Re1 h4 20. Nf1 hxg3 21.
hxg3 Qf5 22. Ne3 Qg6 23. Nf1 b6 24. a3 bxc5 25. dxc5 Bf6 26. Bxf6 Nxf6 27. Rd2
Rfe8 28. Qd3 Qxd3 29. Rxd3 e5 30. Ne3 Red8 31. Nf5 Kf8 32. Rxe5 Re8 33. Rde3
Rxe5 34. Rxe5 d4 35. Nd6 Rd8 36. Kf2 g6 37. g4 a5 38. Ke2 axb4 39. axb4 Rb8 40.
b5 Ra8 41. c6 Ra2+ 42. Kd3 Ra3+ 43. Kxd4 Rxf3 44. c7 Rf4+ 45. Ke3 1-0

[Event "C.to Provinciale SV"]
[Site "Savona ITA"]
[Date "2011.01.30"]
[Round "4"]
[White "Altieri, Danilo Mario"]
[Black "Bruzzone, Carlo"]
[Result "1-0"]
[WhiteElo "1971"]
[BlackElo "1883"]
[PlyCount "75"]
[EventDate "2011.01.28"]

1. Nf3 d5 2. g3 Nf6 3. Bg2 Nbd7 4. c4 e6 5. cxd5 exd5 6. Nc3 c6 7. d4 Bb4 8.
O-O O-O 9. a3 Bxc3 10. bxc3 Ne4 11. c4 f5 12. Qb3 Nb6 13. cxd5 Qxd5 14. Qd3 Qc4
15. Qxc4+ Nxc4 16. Ne5 Nxe5 17. dxe5 Be6 18. f4 Nc3 19. Re1 Rad8 20. Be3 a6 21.
Bc5 Rfe8 22. Bb4 Nd5 23. Ba5 Rd7 24. e4 fxe4 25. Bxe4 g6 26. Rab1 Bf5 27. Bxf5
gxf5 28. Rb2 b6 29. Bxb6 Rb7 30. Bd4 Rxb2 31. Bxb2 Kf7 32. Rc1 Rc8 33. Bd4 Ke6
34. Bc5 Kd7 35. Rb1 Rc7 36. Rb8 Nc3 37. Bb6 Rc8 38. e6+ 1-0

[Event "C.to Provinciale SV"]
[Site "Savona ITA"]
[Date "2011.01.30"]
[Round "4"]
[White "Mirata, Danilo"]
[Black "Lupini, Stefano"]
[Result "1-0"]
[WhiteElo "1800"]
[BlackElo "1936"]
[PlyCount "105"]
[EventDate "2011.01.28"]

1. d4 Nf6 2. Nf3 e6 3. c4 b6 4. g3 Bb7 5. Bg2 Be7 6. Nc3 Ne4 7. Qc2 Nxc3 8.
bxc3 d6 9. e4 Nd7 10. Be3 c5 11. O-O O-O 12. a4 Qc7 13. Nd2 f5 14. d5 exd5 15.
cxd5 fxe4 16. c4 Nf6 17. Nxe4 Bc8 18. Nc3 a6 19. Rfe1 Ng4 20. Be4 g6 21. Bf4
Bf5 22. Bxf5 Rxf5 23. Qe4 Ne5 24. Bxe5 Rxe5 25. Qg4 Bf6 26. Ne4 Rxe4 27. Qxe4
Bxa1 28. Rxa1 Qf7 29. Re1 Rf8 30. Qe6 Kg7 31. f4 Qf6 32. Qxf6+ Rxf6 33. Rb1 b5
34. axb5 axb5 35. cxb5 Rf8 36. Kf2 g5 37. Ke3 gxf4+ 38. gxf4 Kf6 39. b6 Kf5 40.
b7 Rb8 41. Kf3 c4 42. Ke3 c3 43. Kd3 c2 44. Kxc2 Ke4 45. Rb5 Kxf4 46. Kd3 Ke5
47. Kc4 Ke4 48. Kb4 Kd4 49. Ka5 Kc4 50. Ka6 h6 51. h3 h5 52. h4 Rxb7 53. Rxb7
1-0

[Event "C.to Provinciale SV"]
[Site "Savona ITA"]
[Date "2011.01.30"]
[Round "4"]
[White "Mercandelli, Claudio"]
[Black "Christen, Peter Walter"]
[Result "1-0"]
[WhiteElo "1923"]
[BlackElo "1581"]
[PlyCount "31"]
[EventDate "2011.01.28"]

1. Nf3 Nf6 2. c4 e6 3. g3 d5 4. Bg2 dxc4 5. Qc2 Bd7 6. Ne5 c6 7. O-O b5 8. b3
cxb3 9. axb3 Bd6 10. Bb2 O-O 11. Nxd7 Qxd7 12. Bxf6 gxf6 13. Na3 Qe7 14. Nxb5
a6 15. Rfc1 Be5 16. d4 1-0

[Event "C.to Provinciale SV"]
[Site "Savona ITA"]
[Date "2011.01.30"]
[Round "4"]
[White "Atteo, Domenico"]
[Black "Gallareto, Ettore"]
[Result "1-0"]
[WhiteElo "1799"]
[BlackElo "1458"]
[PlyCount "35"]
[EventDate "2011.01.28"]

1. e4 c5 2. Nf3 Nc6 3. d4 d5 4. exd5 Qxd5 5. Nc3 Qd8 6. dxc5 Bd7 7. Be3 e6 8.
Qd2 g6 9. Rd1 Nf6 10. Bg5 Bg7 11. Bb5 Qc7 12. O-O O-O 13. Bxf6 Bxf6 14. Qxd7
Qxd7 15. Rxd7 Nd8 16. Rfd1 Rc8 17. Ba4 Rxc5 18. Ne4 1-0

[Event "C.to Provinciale SV"]
[Site "Savona ITA"]
[Date "2011.01.30"]
[Round "4"]
[White "Agazzi, Marco"]
[Black "Pedemonte, Claudio"]
[Result "1-0"]
[WhiteElo "1746"]
[BlackElo "1791"]
[PlyCount "140"]
[EventDate "2011.01.28"]

1. d4 Nf6 2. Nf3 e6 3. Bf4 b6 4. e3 Bb7 5. Be2 Be7 6. O-O O-O 7. h3 d6 8. Nbd2
Nbd7 9. c3 Re8 10. Re1 Bf8 11. Bg5 Qc8 12. Bd3 g6 13. e4 Bg7 14. Qc2 e5 15. d5
Nc5 16. Bb5 Rf8 17. b4 Ncd7 18. Bd3 Nh5 19. g4 Nf4 20. Bxf4 exf4 21. Rac1 Ne5
22. Nxe5 Bxe5 23. Nf3 Qd8 24. b5 Kh8 25. Nxe5 dxe5 26. f3 Qh4 27. Bf1 a6 28.
Qf2 Qxf2+ 29. Kxf2 axb5 30. Rc2 Ra5 31. Rb2 Rfa8 32. Ree2 Ba6 33. Rec2 Ra7 34.
c4 bxc4 35. Bxc4 Bxc4 36. Rxc4 Rxa2 37. Rcc2 Rxb2 38. Rxb2 Kg7 39. g5 Kf8 40.
h4 b5 41. Rb1 Rb7 42. Ke2 Ke7 43. Kd3 Kd6 44. Rb3 Kc5 45. Rc3+ Kb4 46. Rc6 Ka3
47. Kc2 Ra7 48. Rc3+ Ka4 49. Kb2 b4 50. Rc1 Kb5 51. Rc6 Ra3 52. Rxc7 Rxf3 53.
Rxf7 Rf2+ 54. Kb3 Rf3+ 55. Kb2 Ka4 56. Ra7+ Kb5 57. Rxh7 Kc4 58. Rc7+ Kd3 59.
Rg7 Rh3 60. Rxg6 Kxe4 61. d6 Rd3 62. h5 Kf5 63. Rg7 Rxd6 64. h6 Rd8 65. h7 Rh8
66. g6 f3 67. Rg8 f2 68. Rxh8 f1=Q 69. Rf8+ Kxg6 70. Rxf1 Kxh7 1-0

[Event "C.to Provinciale SV"]
[Site "Savona ITA"]
[Date "2011.01.30"]
[Round "4"]
[White "Pagliari, Lino"]
[Black "Castellano, Adriano"]
[Result "0-1"]
[WhiteElo "1446"]
[BlackElo "1676"]
[PlyCount "92"]
[EventDate "2011.01.28"]

1. c4 Nf6 2. a3 g6 3. d3 Bg7 4. e4 O-O 5. Nf3 Nc6 6. Be2 h6 7. O-O e6 8. Nc3 a6
9. Na4 d5 10. exd5 exd5 11. cxd5 Nxd5 12. Rb1 Re8 13. Qd2 Bd7 14. Re1 Ne5 15.
Nxe5 Rxe5 16. Ra1 Bxa4 17. Bf3 Rxe1+ 18. Qxe1 Bc6 19. Bxd5 Qxd5 20. Qf1 Bb5 21.
Bf4 Qxd3 22. Qxd3 Bxd3 23. Ra2 c5 24. Be3 c4 25. g3 b5 26. Bc1 Re8 27. Kg2 Be4+
28. Kh3 Re5 29. a4 Rh5+ 30. Kg4 Rxh2 31. Kf4 f5 32. axb5 g5+ 33. Ke3 axb5 34.
Ra5 Bc6 35. Ra6 Be8 36. Ra8 Kf8 37. Bd2 Rh3 38. Kf3 h5 39. Bb4+ Kf7 40. Ra7+
Ke6 41. Rxg7 h4 42. Re7+ Kd5 43. Rxe8 hxg3 44. Kg2 Rh2+ 45. Kg1 Rxf2 46. Be1
Rxb2 0-1

[Event "C.to Provinciale SV"]
[Site "Savona ITA"]
[Date "2011.01.30"]
[Round "5"]
[White "Pesce, Gabriele"]
[Black "Altieri, Danilo Mario"]
[Result "1-0"]
[WhiteElo "2181"]
[BlackElo "1971"]
[PlyCount "37"]
[EventDate "2011.01.28"]

1. e4 d5 2. exd5 Nf6 3. d4 Nxd5 4. Nf3 g6 5. c3 Bg7 6. Bd3 Nc6 7. O-O Bg4 8. h3
Bxf3 9. Qxf3 e6 10. Nd2 O-O 11. Ne4 e5 12. Bc4 Nb6 13. Bg5 Qd7 14. Bb5 f5 15.
Nc5 Nxd4 16. Nxd7 Nxf3+ 17. gxf3 Nxd7 18. Bxd7 h6 19. Be6+ 1-0

[Event "C.to Provinciale SV"]
[Site "Savona ITA"]
[Date "2011.01.30"]
[Round "5"]
[White "Damele, Stefano"]
[Black "Carzolio, Luigi"]
[Result "1/2-1/2"]
[WhiteElo "1888"]
[BlackElo "1910"]
[PlyCount "54"]
[EventDate "2011.01.28"]

1. e4 Nc6 2. Nf3 Nf6 3. e5 Nd5 4. d4 d6 5. exd6 exd6 6. h3 Nf6 7. Bd3 Be7 8.
O-O O-O 9. c3 Re8 10. Re1 h6 11. Nbd2 Bf8 12. Nf1 Rxe1 13. Qxe1 Qe7 14. Be3 Nd5
15. Qd2 Bd7 16. Re1 Qf6 17. Ng3 Re8 18. Nh5 Qd8 19. Nf4 Nce7 20. Nxd5 Nxd5 21.
c4 Nxe3 22. Rxe3 g6 23. b3 Bg7 24. d5 b6 25. Qe2 Kf8 26. Rxe8+ Qxe8 27. Qxe8+
Kxe8 1/2-1/2

[Event "C.to Provinciale SV"]
[Site "Savona ITA"]
[Date "2011.01.30"]
[Round "5"]
[White "Coqueraut, Jean Dominique"]
[Black "Mirata, Danilo"]
[Result "1-0"]
[WhiteElo "1815"]
[BlackElo "1800"]
[PlyCount "49"]
[EventDate "2011.01.28"]

1. d4 Nf6 2. Nf3 g6 3. c4 Bg7 4. Nc3 d6 5. e3 Nbd7 6. Be2 O-O 7. O-O e5 8. Qc2
Re8 9. dxe5 dxe5 10. Rd1 c6 11. b4 Qc7 12. Bb2 Ng4 13. h3 Nh6 14. Ne4 f5 15.
Nd6 Rf8 16. c5 e4 17. Bc4+ Kh8 18. Ng5 Nf6 19. Nxc8 Qxc8 20. Ne6 Re8 21. Nxg7
Kxg7 22. Rd6 Rf8 23. Rad1 Nhg8 24. Bxg8 Kxg8 25. Bxf6 1-0

[Event "C.to Provinciale SV"]
[Site "Savona ITA"]
[Date "2011.01.30"]
[Round "5"]
[White "Ivaldo, Fabrizio"]
[Black "Nikolajevic, Tihomir"]
[Result "1-0"]
[WhiteElo "1920"]
[BlackElo "1865"]
[PlyCount "113"]
[EventDate "2011.01.28"]

1. d4 Nf6 2. c4 e6 3. Nc3 d5 4. Bg5 Be7 5. e3 O-O 6. Nf3 Nbd7 7. Rc1 c6 8. a3
h6 9. Bh4 Re8 10. h3 dxc4 11. Bxc4 Nd5 12. Nxd5 exd5 13. Bxe7 Qxe7 14. Bd3 Nf6
15. O-O Be6 16. Bb1 Ne4 17. Ne5 Bf5 18. Qf3 Bh7 19. Qf4 f6 20. Nf3 Nd6 21.
Bxh7+ Kxh7 22. Nd2 Ne4 23. Nxe4 Qxe4 24. Qxe4+ Rxe4 25. Rc3 Rae8 26. b4 R4e6
27. a4 R8e7 28. Rfc1 Rd6 29. Rc5 Red7 30. b5 cxb5 31. axb5 Rb6 32. Ra1 a6 33.
bxa6 bxa6 34. Raa5 Rbd6 35. Rc8 Ra7 36. Rcc5 Rad7 37. Kf1 Kg6 38. f3 Kf7 39.
Ke2 f5 40. Kd3 g6 41. Rc8 Rb7 42. Rac5 Rb3+ 43. Kc2 Rxe3 44. R5c7+ Re7 45.
Rxe7+ Kxe7 46. Rh8 h5 47. Rh7+ Kf6 48. Ra7 Kg5 49. g3 f4 50. h4+ Kf5 51. Rf7+
Rf6 52. g4+ hxg4 53. fxg4+ Ke6 54. Ra7 f3 55. Rxa6+ Kf7 56. Rxf6+ Kxf6 57. Kd3
1-0

[Event "C.to Provinciale SV"]
[Site "Savona ITA"]
[Date "2011.01.30"]
[Round "5"]
[White "Agazzi, Fulvio"]
[Black "Mercandelli, Claudio"]
[Result "0-1"]
[WhiteElo "1900"]
[BlackElo "1923"]
[PlyCount "46"]
[EventDate "2011.01.28"]

1. e4 Nc6 2. d4 e5 3. d5 Nce7 4. c4 Ng6 5. Nc3 Bb4 6. Nge2 a5 7. Be3 Nf6 8. a3
Be7 9. g3 Ng4 10. Bg2 Nxe3 11. fxe3 Bc5 12. Qd3 Qg5 13. Kd2 O-O 14. h4 Qd8 15.
g4 Nxh4 16. Rag1 d6 17. g5 Qxg5 18. Rh2 f5 19. exf5 Nxf5 20. Ne4 Qxe3+ 21. Qxe3
Bxe3+ 22. Kd3 Bxg1 23. Nxg1 Nd4 0-1

[Event "C.to Provinciale SV"]
[Site "Savona ITA"]
[Date "2011.01.30"]
[Round "5"]
[White "Tagliano, Maurizio"]
[Black "Atteo, Domenico"]
[Result "0-1"]
[WhiteElo "1852"]
[BlackElo "1799"]
[PlyCount "90"]
[EventDate "2011.01.28"]

1. Nf3 d5 2. d4 Nf6 3. c4 c6 4. Nc3 dxc4 5. a4 Bf5 6. Nh4 Bc8 7. e4 e6 8. Nf3
Bb4 9. Qc2 c5 10. Be3 b6 11. Bxc4 O-O 12. O-O Bb7 13. Rad1 Bxc3 14. dxc5 Qc7
15. Qxc3 Nxe4 16. Qe5 Qxe5 17. Nxe5 Nxc5 18. b3 Ba6 19. Rd6 Bxc4 20. bxc4 Nba6
21. a5 Nb7 22. Rd2 Nxa5 23. Ra1 Rfc8 24. Rd6 Rd8 25. Rad1 Nb7 26. Rd7 Rxd7 27.
Rxd7 Rd8 28. Rxd8+ Nxd8 29. Kf1 f6 30. Nd3 Nb7 31. Ke2 Kf7 32. Kd2 Nbc5 33. Kc3
Nxd3 34. Kxd3 Ke7 35. f4 Kd7 36. g3 Nc5+ 37. Kc3 Kc6 38. g4 a6 39. h4 g6 40.
Bd4 Nd7 41. g5 e5 42. fxe5 fxe5 43. Bf2 Kd6 44. Kb4 e4 45. Be3 Ke5 0-1

[Event "C.to Provinciale SV"]
[Site "Savona ITA"]
[Date "2011.01.30"]
[Round "5"]
[White "Bruzzone, Carlo"]
[Black "Agazzi, Marco"]
[Result "1/2-1/2"]
[WhiteElo "1883"]
[BlackElo "1746"]
[PlyCount "75"]
[EventDate "2011.01.28"]

1. c4 g6 2. g3 Bg7 3. Bg2 d6 4. Nc3 Nf6 5. d3 O-O 6. Bd2 c6 7. e4 e5 8. Nge2
Nbd7 9. O-O Nc5 10. Qc2 Ne6 11. Rad1 Qc7 12. Qc1 Nd7 13. Bh6 Re8 14. Bxg7 Kxg7
15. d4 exd4 16. Nxd4 Nxd4 17. Rxd4 Ne5 18. b3 f6 19. Kh1 Be6 20. f4 Nf7 21. h3
f5 22. Re1 Rad8 23. exf5 Bxf5 24. Rxe8 Rxe8 25. g4 Bc8 26. Ne4 Qe7 27. Qc3 Kf8
28. g5 Bf5 29. Nf6 Qe1+ 30. Qxe1 Rxe1+ 31. Kh2 Kg7 32. Rd2 a5 33. Kg3 Re3+ 34.
Kf2 Re7 35. a3 h6 36. b4 axb4 37. axb4 hxg5 38. fxg5 1/2-1/2

[Event "C.to Provinciale SV"]
[Site "Savona ITA"]
[Date "2011.01.30"]
[Round "5"]
[White "Lupini, Stefano"]
[Black "Castellano, Adriano"]
[Result "1-0"]
[WhiteElo "1936"]
[BlackElo "1676"]
[PlyCount "81"]
[EventDate "2011.01.28"]

1. d4 d5 2. c4 e6 3. Nc3 Nf6 4. cxd5 exd5 5. Bg5 Bb4 6. a3 Bxc3+ 7. bxc3 Be6 8.
Nf3 h6 9. Bf4 Nc6 10. h3 Nh5 11. Bh2 O-O 12. e3 Ne7 13. Bd3 Nf6 14. O-O Bf5 15.
Be2 Ne4 16. Qb3 b6 17. Rad1 c5 18. Nd2 c4 19. Qb2 a5 20. Nxe4 Bxe4 21. f3 Bg6
22. e4 dxe4 23. fxe4 Bxe4 24. Bxc4 Nf5 25. Rde1 Re8 26. Rxe4 Rxe4 27. Rxf5 Re1+
28. Rf1 Rxf1+ 29. Bxf1 Qg5 30. c4 Qe3+ 31. Kh1 Qe1 32. Qe2 Qxe2 33. Bxe2 Re8
34. Bf3 Re1+ 35. Bg1 Ra1 36. d5 Kf8 37. Kh2 Rxa3 38. Bxb6 Rc3 39. d6 Rxc4 40.
d7 Ke7 41. d8=Q+ 1-0